00639nam a2200145Ia 4500008004100000050002300041100002800064245012800092260008600220300002800306521002700334942000700361999001900368952010600387140724s9999 xx 000 0 und d aT 58.6b.L143 2014 aLacorte, Daryll Anne S. aSISC BSN Alumni Tracer Project (Interface initiative with the College of Information Technology) /cDaryll Anne S. Lacorte. aLas Piñas, Philippines :bSouthville International School and Colleges,cc2014. a84 p. :bill. ;c28 cm. aInformation Technology cTH c229321d229321 001040aCLbCLcTHESESd2014-07-24l0oT 58.6 .L143 2014pT0675r2018-05-15 00:00:00w2014-07-24yTH